Una & Miguel / (Record no. 353653)
[ view plain ]
| 000 -LEADER | |
|---|---|
| fixed length control field | 01362nam a22002297a 4500 |
| 003 - CONTROL NUMBER IDENTIFIER | |
| control field | SISC |
| 005 - DATE AND TIME OF LATEST TRANSACTION | |
| control field | 20180131110022.0 |
| 008 - FIXED-LENGTH DATA ELEMENTS--GENERAL INFORMATION | |
| fixed length control field | 180130b xxu||||| |||| 00| 0 eng d |
| 020 ## - INTERNATIONAL STANDARD BOOK NUMBER | |
| International Standard Book Number | 9715081657 |
| 050 ## - LIBRARY OF CONGRESS CALL NUMBER | |
| Classification number | PS 9993 .B68 |
| Item number | .U63 2002 |
| 100 ## - MAIN ENTRY--PERSONAL NAME | |
| Personal name | Bose, Lilledeshan |
| 245 ## - TITLE STATEMENT | |
| Title | Una & Miguel / |
| Statement of responsibility, etc | Lilledeshan Bose |
| 250 ## - EDITION STATEMENT | |
| Edition statement | 2nd edition |
| 260 ## - PUBLICATION, DISTRIBUTION, ETC. (IMPRINT) | |
| Place of publication, distribution, etc | Quezon City: |
| Name of publisher, distributor, etc | Adarna House, Inc., |
| Date of publication, distribution, etc | 2002. |
| 300 ## - PHYSICAL DESCRIPTION | |
| Extent | 107 pages ; |
| Dimensions | 20 cm. |
| 505 ## - FORMATTED CONTENTS NOTE | |
| Formatted contents note | Includes the story, Lia and Camille by Lilledeshan Bose and Sunantha Mendoza-Quibilan |
| 520 ## - SUMMARY, ETC. | |
| Summary, etc | Una and Miguel are total opposites! He's the village heartthrob, part of the good-looking "in" crowd while Una is popular for the wrong reasons. She writes songs, plays the harmonica, wears a hemp anklet, and has equally eccentric friends -- not all the type of girl Miguel and his friends go for. They call her and her friends outcasts.<br/><br/>For these two, love is truly a long shot. But when they're forced to work together as a punishment for a prank-gone-wrong, they find that falling in love might not be so impossible after all. Will opposites attract? Or will they repel? |
| 650 ## - SUBJECT ADDED ENTRY--TOPICAL TERM | |
| Source of heading or term | Library of Congress Subject Headings |
| Topical term or geographic name as entry element | Love stories, Philippine (English) |
| 650 ## - SUBJECT ADDED ENTRY--TOPICAL TERM | |
| Source of heading or term | Library of Congress Subject Headings |
| Topical term or geographic name as entry element | Philippine fiction (English) |
| 700 ## - ADDED ENTRY--PERSONAL NAME | |
| Personal name | Quibilan, Sunantha Mendoza |
| 942 ## - ADDED ENTRY ELEMENTS (KOHA) | |
| Source of classification or shelving scheme | Library of Congress Classification |
| Koha item type | Books |
| Withdrawn status | Lost status | Source of classification or shelving scheme | Damaged status | Home library | Current library | Shelving location | Date acquired | Source of acquisition | Total Checkouts | Total Renewals | Full call number | Barcode | Date last seen | Date checked out | Copy number | Price effective from | Koha item type |
|---|---|---|---|---|---|---|---|---|---|---|---|---|---|---|---|---|---|
| Library of Congress Classification | Luxembourg Library | Luxembourg Library | Filipiniana Section | 01/30/2018 | Library Fund | 1 | 1 | PS 9993 .B68 .U63 2012 | 20484 | 03/09/2018 | 02/02/2018 | 1 | 01/30/2018 | Books | |||
| Library of Congress Classification | Luxembourg Library | Luxembourg Library | Teachers Reference Section | 01/30/2018 | Library Fund | 1 | 1 | PS 9993 .B68 .U63 2012 | 20483 | 03/09/2018 | 02/02/2018 | 2 | 01/30/2018 | Books |